Contemporary empirical methods in software engineering/ (Record no. 4718)

MARC details
000 -LEADER
fixed length control field 00691nam a22002057a 4500
003 - CONTROL NUMBER IDENTIFIER
control field OSt
005 - DATE AND TIME OF LATEST TRANSACTION
control field 20251008051837.0
008 - FIXED-LENGTH DATA ELEMENTS--GENERAL INFORMATION
fixed length control field 251008b |||||||| |||| 00| 0 eng d
020 ## - INTERNATIONAL STANDARD BOOK NUMBER
International Standard Book Number 978-3-030-32488-9
040 ## - CATALOGING SOURCE
Original cataloging agency DWCL-Main lib
Transcribing agency OC
082 ## - DEWEY DECIMAL CLASSIFICATION NUMBER
Classification number Circ. 005.1 C761 2020
100 ## - MAIN ENTRY--PERSONAL NAME
Personal name Felderer, Michael
245 ## - TITLE STATEMENT
Title Contemporary empirical methods in software engineering/
Statement of responsibility, etc. Michael Felderer
260 ## - PUBLICATION, DISTRIBUTION, ETC.
Place of publication, distribution, etc. [place of publication not identified]:
Name of publisher, distributor, etc. Springer,
Date of publication, distribution, etc. c2020.
300 ## - PHYSICAL DESCRIPTION
Extent x, 525 pages :
Other physical details illustrations ;
Dimensions 24cm.
650 ## - SUBJECT ADDED ENTRY--TOPICAL TERM
Topical term or geographic name entry element 1. Management information system
650 ## - SUBJECT ADDED ENTRY--TOPICAL TERM
Topical term or geographic name entry element 2. Software engineering
700 ## - ADDED ENTRY--PERSONAL NAME
Personal name Guilherme Horta Travassos
942 ## - ADDED ENTRY ELEMENTS (KOHA)
Source of classification or shelving scheme Dewey Decimal Classification
Koha item type Book Circulation
Call number prefix Circ.
Suppress in OPAC No
952 ## - LOCATION AND ITEM INFORMATION (KOHA)
--
Holdings
Withdrawn status Lost status Source of classification or shelving scheme Damaged status Not for loan Home library Current library Shelving location Date acquired Source of acquisition Total Checkouts Full call number Barcode Date last seen Copy number Price effective from Koha item type Uniform Resource Identifier
    Dewey Decimal Classification     College Library College Library Circulation 03/14/2022 School Fund   Circ. 005.1 C761 2020 53235 10/08/2025 c1 10/08/2025 BK-CIRC